[Event "Paris-ch op-B"]
[Site "Paris"]
[Date "2010.07.03"]
[Round "1"]
[White "Anjoure, Jean Michel"]
[Black "Ernouf, Anthony"]
[Result "0-1"]
[WhiteElo "1655"]
[BlackElo "1878"]
[PlyCount "74"]
[EventDate "2010.07.03"]
[EventType "swiss"]
[EventRounds "9"]
[EventCountry "FRA"]
[SourceTitle "CBM 137 Extra"]
[Source "ChessBase"]
[SourceDate "2010.09.01"]
[SourceVersion "1"]
[SourceVersionDate "2010.09.01"]
[SourceQuality "1"]

1. d4 Nf6 2. c4 g6 3. Nc3 Bg7 4. e4 d6 5. h3 0-0 6. Bd3 Nbd7 7. Nf3 e5 8. d5 Nc5 9. Bc2 a5 10. a4 Ne8 11. g4 f5 12. Bg5 Bf6 13. Bxf6 Qxf6 14. gxf5 gxf5 15. Nd2 Kh8 16. Qf3 fxe4 17. Qxf6+ Nxf6 18. Ndxe4 Nfxe4 19. Bxe4 Rf4 20. f3 Bf5 21. Ne2 Rxe4 22. fxe4 Bxe4 23. Rf1 Nd3+ 24. Kd2 Nxb2 25. Kc3 Nd3 26. Rf7 Rc8 27. Raf1 Nc5 28. Rf8+ Rxf8 29. Rxf8+ Kg7 30. Rc8 c6 31. dxc6 Nxa4+ 32. Kb3 Nc5+ 33. Kc3 Bxc6 34. Ng3 Bd7 35. Rc7 Kg6 36. h4 a4 37. Kb4 Na6+ 0-1

[Event "Paris-ch op-B"]
[Site "Paris"]
[Date "2009.07.09"]
[Round "6"]
[White "Ernouf, Anthony"]
[Black "Lagache, Yves"]
[Result "1-0"]
[WhiteElo "1882"]
[BlackElo "1734"]
[PlyCount "65"]
[EventDate "2009.07.04"]
[EventType "swiss"]
[EventRounds "9"]
[EventCountry "FRA"]
[SourceTitle "EXT 2010"]
[Source "ChessBase"]
[SourceDate "2010.11.25"]
[SourceVersion "1"]
[SourceVersionDate "2010.11.25"]
[SourceQuality "1"]

1. d4 Nf6 2. e3 d5 3. Bd3 c5 4. c3 c4 5. Bc2 Nc6 6. f4 Bg4 7. Nf3 Ne4 8. 0-0 h5 9. Nbd2 Nd6 10. e4 e6 11. exd5 exd5 12. Qe1+ Ne7 13. Nh4 Qd7 14. Ndf3 0-0-0 15. Ne5 Qe6 16. h3 Bf5 17. Nxf5 Ndxf5 18. Bd2 f6 19. Ng6 Qxe1 20. Raxe1 Rh6 21. Nxf8 Rxf8 22. Re6 h4 23. Rfe1 Kd7 24. Ba4+ Nc6 25. b3 Kc7 26. bxc4 dxc4 27. d5 Nd8 28. R6e4 Kd6 29. Rxc4 Kxd5 30. Bb3 Kd6 31. Bc1 Nc6 32. Ba3+ Kc7 33. Bxf8 1-0

[Event "Paris-ch op-B"]
[Site "Paris"]
[Date "2009.07.04"]
[Round "1"]
[White "Ernouf, Anthony"]
[Black "O'Sullivan, Thomas"]
[Result "1-0"]
[WhiteElo "1882"]
[BlackElo "1660"]
[PlyCount "75"]
[EventDate "2009.07.04"]
[EventType "swiss"]
[EventRounds "9"]
[EventCountry "FRA"]
[SourceTitle "EXT 2010"]
[Source "ChessBase"]
[SourceDate "2010.11.25"]
[SourceVersion "1"]
[SourceVersionDate "2010.11.25"]
[SourceQuality "1"]

1. d4 Nf6 2. e3 d5 3. Bd3 e6 4. f4 Nc6 5. c3 Bd6 6. Nf3 0-0 7. 0-0 h6 8. Ne5 Bxe5 9. fxe5 Nd7 10. e4 dxe4 11. Bxe4 f6 12. Bxh6 f5 13. Bxc6 bxc6 14. Bf4 Qe8 15. Nd2 Bb7 16. Nf3 c5 17. Ng5 Qg6 18. Qb3 Bd5 19. c4 Rab8 20. Qc3 cxd4 21. Qxd4 Rb4 22. b3 c5 23. Qd2 Bc6 24. Qd6 Rb6 25. Qxe6+ Qxe6 26. Nxe6 Re8 27. Nc7 Re7 28. e6 Nf6 29. Bd6 Rxc7 30. Bxc7 Rb7 31. Bd6 Ne4 32. Rad1 Nc3 33. Rde1 Be4 34. e7 Kf7 35. Rxe4 Nxe4 36. Rxf5+ Ke6 37. e8Q+ Kxf5 38. Qe5+ 1-0

[Event "Montigny le Bretonneux Noel op 11th"]
[Site "Montigny le Bretonneux"]
[Date "2008.12.27"]
[Round "3"]
[White "Duval, Sylvain"]
[Black "Ernouf, Anthony"]
[Result "0-1"]
[WhiteElo "1983"]
[BlackElo "1928"]
[PlyCount "84"]
[EventDate "2008.12.26"]
[EventType "swiss"]
[EventRounds "7"]
[EventCountry "FRA"]
[SourceTitle "EXT 2010"]
[Source "ChessBase"]
[SourceDate "2010.11.25"]
[SourceVersion "1"]
[SourceVersionDate "2010.11.25"]
[SourceQuality "1"]

1. e4 c5 2. Nf3 d6 3. d4 cxd4 4. Nxd4 Nf6 5. Nc3 a6 6. Be2 e5 7. Nf3 h6 8. 0-0 Be6 9. Be3 Be7 10. Nd2 0-0 11. Nb3 b5 12. a3 Nbd7 13. f4 exf4 14. Bxf4 Rc8 15. Bd3 Ne5 16. h3 Qb6+ 17. Kh1 Nc4 18. Qc1 Nh5 19. Bxc4 bxc4 20. Nd2 Bg5 21. Bh2 Qe3 22. Ncb1 Ng3+ 23. Bxg3 Qxg3 24. Qe1 Qxe1 25. Rxe1 Bxd2 26. Nxd2 c3 27. bxc3 Rxc3 28. Nf3 Bxh3 29. Kh2 Bg4 30. Nd4 Rcc8 31. Nf3 Rxc2 32. Kg3 f5 33. exf5 Bxf3 34. gxf3 Rxf5 35. Red1 Rc3 36. Rxd6 Rfxf3+ 37. Kg2 Rxa3 38. Rc1 Rf8 39. Rd7 Raf3 40. Rcc7 R3f7 41. Ra7 Rxd7 42. Rxd7 Ra8 0-1

[Event "Montigny le Bretonneux Noel op 11th"]
[Site "Montigny le Bretonneux"]
[Date "2008.12.26"]
[Round "1"]
[White "Dumesnil, Alain"]
[Black "Ernouf, Anthony"]
[Result "1/2-1/2"]
[WhiteElo "1659"]
[BlackElo "1928"]
[PlyCount "95"]
[EventDate "2008.12.26"]
[EventType "swiss"]
[EventRounds "7"]
[EventCountry "FRA"]
[SourceTitle "EXT 2010"]
[Source "ChessBase"]
[SourceDate "2010.11.25"]
[SourceVersion "1"]
[SourceVersionDate "2010.11.25"]
[SourceQuality "1"]

1. f4 d5 2. Nf3 c5 3. e3 Nc6 4. Bb5 Nf6 5. 0-0 Bd7 6. Bxc6 Bxc6 7. d3 b5 8. b3 e6 9. Bb2 Be7 10. Nbd2 0-0 11. g4 Nxg4 12. Qe1 Bf6 13. Ne5 Bxe5 14. fxe5 Qg5 15. Rf3 d4 16. Rg3 dxe3 17. Nf1 Nf2 18. Nxe3 Nh3+ 19. Kf1 Qf4+ 20. Ke2 Ng5 21. Qf2 Qxf2+ 22. Kxf2 h6 23. Rag1 g6 24. Ng4 Kg7 25. Bc1 Rh8 26. Nf6 Nf3 27. Rxf3 Bxf3 28. Kxf3 a5 29. h4 a4 30. a3 axb3 31. cxb3 Rhd8 32. Nh5+ Kh8 33. Nf4 Kh7 34. Kg4 c4 35. bxc4 bxc4 36. Rd1 c3 37. d4 Ra4 38. Ne2 Kg7 39. Kf3 h5 40. Ke4 c2 41. Rd3 Rc8 42. Bg5 Kf8 43. Rb3 Ke8 44. Bc1 Rcc4 45. Rb8+ Kd7 46. Rb7+ Ke8 47. Rb8+ Kd7 48. Rb7+ 1/2-1/2

[Event "Montigny le Bretonneux Noel op 06th"]
[Site "Montigny le Bretonneux"]
[Date "2003.12.28"]
[Round "4"]
[White "Plantet, Marc"]
[Black "Ernouf, Anthony"]
[Result "1-0"]
[WhiteElo "2082"]
[BlackElo "1880"]
[PlyCount "43"]
[EventDate "2003.12.26"]
[EventType "swiss"]
[EventRounds "6"]
[EventCountry "FRA"]
[SourceTitle "CBM 097 Extra"]
[Source "ChessBase"]
[SourceDate "2004.01.13"]
[SourceVersion "1"]
[SourceVersionDate "2004.01.13"]
[SourceQuality "1"]

1. e4 c5 2. Nf3 d6 3. d4 cxd4 4. Nxd4 Nc6 5. Be3 Nf6 6. f3 a6 7. Bc4 e6 8. Bb3 Be7 9. Nc3 Na5 10. Qd2 Nxb3 11. axb3 Bd7 12. 0-0-0 Qa5 13. Kb1 Rc8 14. Rhe1 0-0 15. g4 Rc7 16. g5 Nh5 17. Nd5 Qxd2 18. Nxe7+ Kh8 19. Bxd2 Re8 20. Bb4 Rc5 21. Bxc5 dxc5 22. Ndf5 1-0

[Event "Ligue-ch"]
[Site "Evry"]
[Date "2003.05.18"]
[Round "3.11"]
[White "Smith, Matthieu"]
[Black "Ernouf, Anthony"]
[Result "1/2-1/2"]
[WhiteElo "1820"]
[BlackElo "1900"]
[PlyCount "77"]
[EventDate "2003.05.??"]
[EventType "swiss"]
[EventRounds "5"]
[EventCountry "FRA"]
[SourceTitle "EXT 2004"]
[Source "ChessBase"]
[SourceDate "2003.11.25"]
[SourceVersion "1"]
[SourceVersionDate "2003.11.25"]
[SourceQuality "1"]

1. e4 c5 2. Nc3 d6 3. f4 Nc6 4. Bb5 Bd7 5. Nf3 a6 6. Bxc6 Bxc6 7. d3 Nf6 8. Bd2 e6 9. Rb1 b5 10. 0-0 Be7 11. Qe1 0-0 12. Qg3 Qb6 13. Ng5 h6 14. Nh3 Kh8 15. f5 exf5 16. Rxf5 Bd7 17. Nd5 Nxd5 18. Rxd5 Rg8 19. Rf1 Be8 20. Ng5 f6 21. Nh3 Bf7 22. Rdf5 Kh7 23. Nf4 Raf8 24. Nd5 Qd8 25. R5f3 Be6 26. Bf4 Bxd5 27. exd5 g5 28. Bd2 Rg6 29. Rf5 Qd7 30. Qf3 Bd8 31. Re1 Re8 32. Rxe8 Qxe8 33. Bc3 Qd7 34. b3 b4 35. Bb2 Kg8 36. Qf2 Kf7 37. Rf3 Qa7 38. Kf1 a5 39. d4 1/2-1/2

[Event "Yvelines-ch"]
[Site "Fontenay le Fleury"]
[Date "2003.02.16"]
[Round "7.6"]
[White "Ernouf, Anthony"]
[Black "Gaillard, Michel"]
[Result "1-0"]
[WhiteElo "1800"]
[BlackElo "2089"]
[PlyCount "106"]
[EventDate "2003.02.17"]
[EventType "swiss"]
[EventRounds "7"]
[EventCountry "FRA"]
[SourceTitle "EXT 2004"]
[Source "ChessBase"]
[SourceDate "2003.11.25"]
[SourceVersion "1"]
[SourceVersionDate "2003.11.25"]
[SourceQuality "1"]

1. Nf3 c5 2. g3 d5 3. Bg2 Nf6 4. d3 Nc6 5. Bg5 e5 6. Nbd2 Be7 7. c4 d4 8. a3 a5 9. Qc2 0-0 10. 0-0 h6 11. Bxf6 Bxf6 12. Nb3 Be7 13. e3 a4 14. Nbd2 dxe3 15. fxe3 Be6 16. Rad1 f5 17. Kh1 g5 18. Ng1 Kg7 19. Rf2 f4 20. Nf1 Qd6 21. Be4 fxe3 22. Nxe3 Nd4 23. Qd2 g4 24. Rdf1 Bg5 25. Qe1 h5 26. Rxf8 Rxf8 27. Rxf8 Qxf8 28. Bxb7 Qb8 29. Bd5 Qxb2 30. Bxe6 Nxe6 31. Nd5 Qd4 32. Qe4 Qxe4+ 33. dxe4 Bd8 34. Ne2 Nd4 35. Nec3 Bg5 36. Nxa4 Bc1 37. Nxc5 Bxa3 38. Nd3 Bd6 39. c5 Bb8 40. N3b4 Kf7 41. c6 Ne6 42. Na6 Bd6 43. c7 Bxc7 44. Naxc7 Nc5 45. Nc3 Ke7 46. N7d5+ Ke6 47. Kg2 Nxe4 48. Nxe4 Kxd5 49. Nf6+ Kd4 50. Nxh5 Kd3 51. Nf6 e4 52. Nxg4 e3 53. Nxe3 Kxe3 1-0

[Event "Yvelines-ch"]
[Site "Fontenay le Fleury"]
[Date "2003.02.09"]
[Round "4.9"]
[White "Ernouf, Anthony"]
[Black "Appavou, Calixte"]
[Result "1/2-1/2"]
[WhiteElo "1800"]
[BlackElo "1910"]
[PlyCount "77"]
[EventDate "2003.02.17"]
[EventType "swiss"]
[EventRounds "7"]
[EventCountry "FRA"]
[SourceTitle "EXT 2004"]
[Source "ChessBase"]
[SourceDate "2003.11.25"]
[SourceVersion "1"]
[SourceVersionDate "2003.11.25"]
[SourceQuality "1"]

1. Nf3 d5 2. g3 c6 3. Bg2 Bf5 4. d3 Nf6 5. b3 e6 6. Bb2 Be7 7. 0-0 0-0 8. Nbd2 c5 9. c4 Nc6 10. a3 d4 11. Qc2 e5 12. Ng5 Qc8 13. e4 Bd7 14. Ngf3 h6 15. Rad1 Nh7 16. Bc1 Bg4 17. Rde1 Ng5 18. Nxg5 Bxg5 19. Nf3 Be7 20. Kh1 Be6 21. Ng1 Bd6 22. f4 exf4 23. Bxf4 Ne5 24. Nf3 f6 25. Qd2 Kh7 26. Nh4 g5 27. Bxe5 Bxe5 28. Nf5 Qc7 29. Qe2 Bf7 30. Bf3 Bg6 31. Bh5 Bxf5 32. Rxf5 Kg7 33. Qd2 Qd7 34. Rb1 b6 35. b4 Rab8 36. Qb2 Qd6 37. Kg2 Qc7 38. Qc2 a5 39. b5 1/2-1/2

[Event "Plancoet op 2nd"]
[Site "Plancoet"]
[Date "2002.07.29"]
[Round "4.17"]
[White "Le Corre, Patrick"]
[Black "Ernouf, Anthony"]
[Result "1-0"]
[WhiteElo "1980"]
[BlackElo "1790"]
[PlyCount "81"]
[EventDate "2002.07.23"]
[EventType "swiss"]
[EventRounds "9"]
[EventCountry "FRA"]
[SourceTitle "EXT 2003"]
[Source "ChessBase"]
[SourceDate "2002.11.25"]
[SourceVersion "1"]
[SourceVersionDate "2002.11.25"]
[SourceQuality "1"]

1. e4 c5 2. Nf3 d6 3. d4 cxd4 4. Nxd4 Nc6 5. c4 Nf6 6. Nc3 g6 7. Be2 Bg7 8. Be3 0-0 9. 0-0 Bd7 10. Rc1 Rc8 11. h3 Na5 12. b3 Nc6 13. Qd2 Qa5 14. Nxc6 Bxc6 15. Nd5 Qd8 16. Nxf6+ Bxf6 17. Bg4 e6 18. Bf3 Qc7 19. Rfd1 Rcd8 20. Qb4 b6 21. Rd3 Qb7 22. Bh6 Rfe8 23. Re1 Be5 24. Qd2 f6 25. Bf4 Bxf4 26. Qxf4 Qe7 27. Qd2 Bb7 28. Rd1 d5 29. exd5 e5 30. d6 Qd7 31. Bxb7 Qxb7 32. d7 Re7 33. Rd6 Kg7 34. b4 e4 35. Qd4 Rf7 36. c5 bxc5 37. bxc5 h6 38. c6 Qc7 39. Qxe4 h5 40. Qb4 Kf8 41. Rxf6+ 1-0